| 000 | 00932nam a22002897a 4500 | ||
|---|---|---|---|
| 003 | CHAP | ||
| 005 | 20220329135925.0 | ||
| 008 | 971013s1974 r 00010 d | ||
| 010 | _a44202 | ||
| 011 | _a45174 | ||
| 035 | _a49313 | ||
| 040 | _cCHAP | ||
| 082 |
_a630.72 _bT3 |
||
| 100 | 0 | 0 |
_aTanzania. Ministry of Agriculture. _9111610 |
| 245 | _aNational agricultural research programme, 1974-75; a summary of crop research projects | ||
| 260 |
_aDar es Salaam : _b(s.e.), _c1974 |
||
| 300 | _a61 h. | ||
| 590 |
_aBATCH-UPD _b10 _c20130110 _lUCH01 _h0203 |
||
| 590 |
_aBATCH-UPD _b10 _c20130110 _lUCH01 _h1746 |
||
| 590 |
_aBATCH-UPD _b10 _c20130410 _lUCH01 _h1124 |
||
| 590 |
_aCONVERSION _b10 _c20130109 _lUCH01 _h1324 |
||
| 650 | 1 | 4 |
_aAgricultura _xInvestigacion _xAfrica. _91578 |
| 650 | 1 | 4 |
_aCultivos _xAfrica. _930223 |
| 901 | _aBK | ||
| 942 | _cLIBRO | ||
| 949 |
_a630.72 T3 _bBC _cLIBRO _d33724000044079 _eLIBRO _h43354 _i49313 _mD _si |
||
| 999 |
_c44202 _d44202 |
||